[Event "Martinique-ch 31th"]
[Site "Madiana"]
[Date "2015.05.16"]
[Round "5"]
[White "Fares, Leo"]
[Black "Suez Panama, Gilles"]
[Result "0-1"]
[WhiteElo "1652"]
[BlackElo "2038"]
[PlyCount "76"]
[EventDate "2015.05.16"]
[EventType "tourn"]
[EventRounds "11"]
[EventCountry "FRA"]
[SourceTitle "EXT 2016"]
[Source "ChessBase"]
[SourceDate "2015.10.08"]
[SourceVersion "1"]
[SourceVersionDate "2015.10.08"]
[SourceQuality "1"]

1. e4 e6 2. d3 d5 3. Qe2 Nf6 4. g3 Bc5 5. Bg2 Nc6 6. c3 dxe4 7. Bxe4 Nxe4 8. Qxe4 0-0 9. Nf3 f5 10. Qc4 Be7 11. d4 Na5 12. Qe2 Bf6 13. Na3 a6 14. h4 Qd5 15. Bf4 c5 16. dxc5 Qxc5 17. Be5 Nc6 18. Bxf6 Rxf6 19. 0-0-0 b5 20. Nd4 Nb4 21. Kb1 Nd5 22. Qd3 Bb7 23. Rhe1 Re8 24. Ka1 b4 25. cxb4 Nxb4 26. Qb3 Bd5 27. Qa4 Ref8 28. Rc1 Qxd4 29. Red1 Qb6 30. Nc4 Bxc4 31. Rxc4 a5 32. Rdc1 e5 33. Rc7 Rd6 34. Re7 Nd3 35. Rc2 Kh8 36. Qe8 Rd8 37. Qh5 Nxf2 38. Qg5 Qf6 0-1

[Event "Martinique-ch 31th"]
[Site "Madiana"]
[Date "2015.05.16"]
[Round "4"]
[White "Marceline, Philippe"]
[Black "Fares, Leo"]
[Result "1-0"]
[WhiteElo "1904"]
[BlackElo "1652"]
[PlyCount "35"]
[EventDate "2015.05.16"]
[EventType "tourn"]
[EventRounds "11"]
[EventCountry "FRA"]
[SourceTitle "EXT 2016"]
[Source "ChessBase"]
[SourceDate "2015.10.08"]
[SourceVersion "1"]
[SourceVersionDate "2015.10.08"]
[SourceQuality "1"]

1. e4 b6 2. d4 Bb7 3. Bd3 e6 4. Nf3 c5 5. c3 d5 6. e5 c4 7. Bc2 Be7 8. h4 h5 9. Ng5 Nc6 10. Qf3 f6 11. Bg6+ Kd7 12. Nf7 Qf8 13. Nxh8 fxe5 14. Qxf8 Rxf8 15. Nf7 exd4 16. cxd4 Nxd4 17. Nc3 Nf6 18. Be3 1-0

[Event "FRA-ch op-D"]
[Site "Pau"]
[Date "2012.08.24"]
[Round "10"]
[White "Thouvenin, Jean Claude"]
[Black "Fares, Leo"]
[Result "1-0"]
[WhiteElo "1499"]
[BlackElo "1488"]
[PlyCount "43"]
[EventDate "2012.08.14"]
[EventType "swiss"]
[EventRounds "11"]
[EventCountry "FRA"]
[SourceTitle "EXT 2014"]
[Source "ChessBase"]
[SourceDate "2013.11.20"]
[SourceVersion "1"]
[SourceVersionDate "2013.11.20"]
[SourceQuality "1"]

1. e4 d5 2. exd5 Qxd5 3. Nc3 Qa5 4. Bc4 Nf6 5. d3 c6 6. Bd2 Qc7 7. h3 Bf5 8. Qf3 e6 9. Nge2 Bd6 10. 0-0-0 b5 11. Nxb5 Qd8 12. Nxd6+ Qxd6 13. g4 Bg6 14. h4 h6 15. h5 Bh7 16. Rhg1 Nbd7 17. Qg2 Rb8 18. f4 Qc5 19. Bc3 Qe3+ 20. Kb1 Qc5 21. Bd4 Qa3 22. Bb3 1-0

[Event "FRA-ch op-D"]
[Site "Pau"]
[Date "2012.08.19"]
[Round "6"]
[White "Georges, Lisa"]
[Black "Fares, Leo"]
[Result "0-1"]
[WhiteElo "1388"]
[BlackElo "1488"]
[PlyCount "46"]
[EventDate "2012.08.14"]
[EventType "swiss"]
[EventRounds "11"]
[EventCountry "FRA"]
[SourceTitle "EXT 2014"]
[Source "ChessBase"]
[SourceDate "2013.11.20"]
[SourceVersion "1"]
[SourceVersionDate "2013.11.20"]
[SourceQuality "1"]

1. d4 Nf6 2. c4 e6 3. Nc3 d5 4. Nf3 Nc6 5. e3 Be7 6. Bd3 Bd7 7. 0-0 0-0 8. b3 Re8 9. Bb2 b6 10. a3 a5 11. Rc1 Rc8 12. Ne2 Na7 13. a4 c5 14. Ne5 Nc6 15. Nxd7 Nxd7 16. dxc5 Nxc5 17. Bb1 dxc4 18. Qc2 f5 19. Qxc4 Bf6 20. Ba3 Ne5 21. Qc2 Qd7 22. Qa2 Qb7 23. b4 axb4 0-1